000 00318nam a22001457a 4500
008 220131b ||||| |||| 00| 0 eng d
020 _a9786082363608
041 _aalb
080 _a712
082 _a712
100 _a25.2
101 _aPSI
245 _aMetodologjia ne Psikologji
_cOsmani Q.
942 _2udc
_cBK
999 _c58317
_d58317